How will White v White affect Inheritance Act 1975 cases? (Record no. 67536)

MARC details
000 -LEADER
fixed length control field 01485cam a2200301 4500
001 - CONTROL NUMBER
control field X113361
008 - FIXED-LENGTH DATA ELEMENTS--GENERAL INFORMATION
fixed length control field 000000n2001 000 0 eng u
035 ## - SYSTEM CONTROL NUMBER
System control number (Sirsi) u113361
100 ## - MAIN ENTRY--PERSONAL NAME
Personal name Willbourne, C.
245 ## - TITLE STATEMENT
Title How will White v White affect Inheritance Act 1975 cases?
260 ## - PUBLICATION, DISTRIBUTION, ETC.
Date of publication, distribution, etc. 2001
490 ## - SERIES STATEMENT
Series statement New Law Journal
Volume/sequential designation 151(6989) 22 June 2001, 922-926
520 ## - SUMMARY, ETC.
Summary, etc. Looks at the implications of "White v White" in cases where the deceased fails to leave reasonable financial provision for his or her spouse, preferring instead to benefit others. Concludes that the judgement that there should no longer be discrimination between the money earner and the child carer or homemaker and the replacement of 'reasonable requirements' in favour of equality means that the potential claim of the survivor is much larger than before.Copy of House of Lords Judgement available on http://www.parliament.the-stationery-office.co.uk/pa/ld199900/ldjudgmt/jd001026/white-1.htm
650 ## - SUBJECT ADDED ENTRY--TOPICAL TERM
Topical term or geographic name entry element COWAN V COWAN
650 ## - SUBJECT ADDED ENTRY--TOPICAL TERM
Topical term or geographic name entry element DEPENDANTS
650 ## - SUBJECT ADDED ENTRY--TOPICAL TERM
Topical term or geographic name entry element INHERITANCE
650 ## - SUBJECT ADDED ENTRY--TOPICAL TERM
Topical term or geographic name entry element INHERITANCE (PROVISION FOR FAMILY AND DEPENDANTS) ACT 1975
650 ## - SUBJECT ADDED ENTRY--TOPICAL TERM
Topical term or geographic name entry element INHERITANCE LAW
650 ## - SUBJECT ADDED ENTRY--TOPICAL TERM
Topical term or geographic name entry element PERSONAL CHATTELS
650 ## - SUBJECT ADDED ENTRY--TOPICAL TERM
Topical term or geographic name entry element SPOUSES
650 ## - SUBJECT ADDED ENTRY--TOPICAL TERM
Topical term or geographic name entry element STATUTORY LEGACIES
650 ## - SUBJECT ADDED ENTRY--TOPICAL TERM
Topical term or geographic name entry element WHITE V WHITE
690 ## - LOCAL SUBJECT ADDED ENTRY--TOPICAL TERM (OCLC, RLIN)
Topical term or geographic name as entry element LAW
700 ## - ADDED ENTRY--PERSONAL NAME
Personal name Crawley, G.
700 ## - ADDED ENTRY--PERSONAL NAME
Personal name Pennington, W.
856 ## - ELECTRONIC LOCATION AND ACCESS
Uniform Resource Identifier <a href="https://www.parliament.the-stationery-office.co.uk/pa/ld199900/ldjudgmt/jd001026/white-1.htm">https://www.parliament.the-stationery-office.co.uk/pa/ld199900/ldjudgmt/jd001026/white-1.htm</a>
942 ## - ADDED ENTRY ELEMENTS (KOHA)
Suppress in OPAC 0
Holdings
Withdrawn status Lost status Source of classification or shelving scheme Damaged status Not for loan Home library Current library Shelving location Date acquired Total Checkouts Full call number Barcode Date last seen Copy number Price effective from Koha item type
    Dewey Decimal Classification     London London Journal article 02/07/2001   X113361 113361-1001 06/08/2019 1 06/08/2019 Journal article